| 000 | 00655nam a22002057a 4500 | ||
|---|---|---|---|
| 999 |
_c17829 _d17829 |
||
| 003 | OSt | ||
| 005 | 20230126153546.0 | ||
| 008 | 230120b ||||| |||| 00| 0 eng d | ||
| 040 | _c0 | ||
| 082 | _aDPer 370.5 M720 June - December 2017 v66 no. 1-7 | ||
| 100 |
_aAbenojar, Minard B. _eauthor. _947377 |
||
| 245 |
_aFilipinos : _bgreat and model leader / _cMinard B. Abenojar |
||
| 260 |
_aPhilippines: _b Papi Publishers, Inc., _cAugust 2017. |
||
| 300 | _avolume 66, page 88. | ||
| 650 |
_aLeadership. _947378 |
||
| 650 |
_aElite. _947379 |
||
| 650 |
_aPhilippines-History. _947380 |
||
| 700 |
_aAbenojar, Minard B. _eauthor. _947377 |
||
| 942 |
_2ddc _cPER |
||